| 000 | 00556nam a2200193Ia 4500 | ||
|---|---|---|---|
| 008 | 151121s9999||||xx |||||||||||||| ||und|| | ||
| 082 | _a030।947/Pet | ||
| 082 | _bHNW-31808 | ||
| 100 | _aPetrovich G।V। -C।Edi। | ||
| 245 | 4 | _aThe Soviet Encyclopedia।।-A-Z | |
| 260 | _bmir Pub। Moscow। | ||
| 260 | _c-- | ||
| 300 | _a619 | ||
| 600 | _aPetrovich G।V। -C।Edi। | ||
| 630 | _aThe Soviet Encyclopedia।।-A-Z | ||
| 700 | _aPetrovich G।V। -C।Edi। | ||
| 730 | _aThe Soviet Encyclopedia।।-A-Z | ||
| 942 | _cBOOK | ||
| 999 |
_c1225676 _d1225673 |
||